Kazakhstan : Recent Economic Developments.

This paper reviews economic developments in the Republic of Kazakhstan during 1993-97. During 1993-94, price liberalization was virtually completed, most of the restrictions on foreign trade were eliminated, and a new currency with a unified rate was introduced. At the same time, state orders were p...

Descrición completa

Detalles Bibliográficos
Autor Corporativo: International Monetary Fund
Formato: Revista
Idioma:English
Publicado: Washington, D.C. : International Monetary Fund, 1997.
Series:IMF Staff Country Reports; Country Report ; No. 1997/067
Acceso en liña:Full text available on IMF
LEADER 01697cas a2200241 a 4500
001 AALejournalIMF000429
008 230101c9999 xx r poo 0 0eng d
020 |c 5.00 USD 
020 |z 9781451820775 
022 |a 1934-7685 
040 |a BD-DhAAL  |c BD-DhAAL 
110 2 |a International Monetary Fund. 
245 1 0 |a Kazakhstan :   |b Recent Economic Developments. 
264 1 |a Washington, D.C. :  |b International Monetary Fund,  |c 1997. 
300 |a 1 online resource (127 pages) 
490 1 |a IMF Staff Country Reports 
500 |a <strong>Off-Campus Access:</strong> No User ID or Password Required 
500 |a <strong>On-Campus Access:</strong> No User ID or Password Required 
506 |a Electronic access restricted to authorized BRAC University faculty, staff and students 
520 3 |a This paper reviews economic developments in the Republic of Kazakhstan during 1993-97. During 1993-94, price liberalization was virtually completed, most of the restrictions on foreign trade were eliminated, and a new currency with a unified rate was introduced. At the same time, state orders were phased out and privatization initiated. Since early 1996, the authorities have accelerated privatization, extending it to many large enterprises. Kazakhstan has also taken major steps toward banking and financial sector reform, through withdrawal of bank licenses, bank consolidation, introduction and enforcement of prudential regulations, and enhanced supervision. 
538 |a Mode of access: Internet 
830 0 |a IMF Staff Country Reports; Country Report ;  |v No. 1997/067 
856 4 0 |z Full text available on IMF  |u http://elibrary.imf.org/view/journals/002/1997/067/002.1997.issue-067-en.xml  |z IMF e-Library